[Event "Aragon-chT Preferente"]
[Site "Aragon"]
[Date "2021.05.08"]
[Round "7.45"]
[White "Torcal Miguel, Paula"]
[Black "Dominguez Velazquez, Jesus"]
[Result "1/2-1/2"]
[WhiteElo "1587"]
[BlackElo "1489"]
[PlyCount "110"]
[EventDate "2021.03.13"]
[EventType "team-tourn"]
[EventRounds "9"]
[EventCountry "ESP"]
[SourceTitle "EXT 2024"]
[Source "ChessBase"]
[SourceDate "2023.10.10"]
[SourceVersion "1"]
[SourceVersionDate "2023.10.10"]
[SourceQuality "1"]
[WhiteTeam "IberCaja II"]
[BlackTeam "Delicias II"]
[WhiteTeamCountry "ESP"]
[BlackTeamCountry "ESP"]

1. e4 c5 2. Nf3 e6 3. d4 cxd4 4. Nxd4 a6 5. Nc3 Qc7 6. Be3 Bb4 7. Qd2 Nf6 8. f3 d5 9. Bd3 0-0 10. a3 Bxc3 11. Qxc3 Qxc3+ 12. bxc3 dxe4 13. fxe4 b5 14. 0-0 Bb7 15. e5 Nd5 16. Bd2 Rc8 17. Be4 Ra7 18. Bxd5 Bxd5 19. a4 bxa4 20. Rxa4 Bc4 21. Rf3 Nd7 22. Re3 Nb6 23. Ra1 Nd5 24. Rg3 Rb8 25. Nc6 Rab7 26. Nxb8 Rxb8 27. Rg4 Rc8 28. Re4 Bb5 29. Rd4 h5 30. Ra3 g6 31. Rb3 Kg7 32. Re4 Rc7 33. Rh4 Rc8 34. Ra3 Rc7 35. Rd4 Rc8 36. Rb3 Rc7 37. g4 hxg4 38. Rxg4 Rc8 39. Ra3 Rc7 40. Rh4 Rc8 41. Bg5 Rc7 42. c4 Rxc4 43. Rxc4 Bxc4 44. Rf3 Bb5 45. Kf2 a5 46. Ra3 a4 47. Ke1 Nb6 48. Kf2 Nc4 49. Rf3 a3 50. Bf6+ Kf8 51. Rd3 Be8 52. Rd8 Nb6 53. Ke2 a2 54. Rd1 Bc6 55. Rd8+ Be8 1/2-1/2